000 00309nam a22001217a 4500
020 _a9788120336155
082 _a624.18341
_bVAR/DE
100 _aVarghese, P.C
245 _aDesign of reinforced concrete foundations
260 _aNew Delhi
_bPHI Learning Private Limited
_c2011
300 _a434p
942 _cBK
999 _c13781
_d13781